000 00243nam a2200097Ia 4500
008 170620s9999 xx 000 0 und d
100 _aSharma- R. A.
245 0 _aWentry Research Report
260 _bMeerut; International Publishing House
260 _c2007
300 _a56
999 _c28297
_d28297